Online katalóg knižníc regiónu Turca

Sen svätojánskej noci (Record no. 22061)

MARC details
000 -LEADER
fixed length control field 01762cam a2200481 a 4500
001 - CONTROL NUMBER
control field 22061
003 - CONTROL NUMBER IDENTIFIER
control field VRT
005 - DATE AND TIME OF LATEST TRANSACTION
control field 20260318105345.0
008 - FIXED-LENGTH DATA ELEMENTS--GENERAL INFORMATION
fixed length control field 240318s2005 xo g 000 d slo c
015 ## - NATIONAL BIBLIOGRAPHY NUMBER
National bibliography number SNBA2006/02-01042
020 ## - INTERNATIONAL STANDARD BOOK NUMBER
International Standard Book Number 8055109958
Qualifying information (brožované)
035 ## - SYSTEM CONTROL NUMBER
System control number AFBFA83A-DF91-4FF5-8B2F-E9C95C6B0233
035 ## - SYSTEM CONTROL NUMBER
System control number urn:nbn:sk:snk-amje3i
035 ## - SYSTEM CONTROL NUMBER
System control number urn:nbn:sk:snk-am000yf9
039 #9 - LEVEL OF BIBLIOGRAPHIC CONTROL AND CODING DETAIL [OBSOLETE]
Level of rules in bibliographic description 202403181520
Level of effort used to assign nonsubject heading access points VLOAD
Level of effort used to assign subject headings 202003241104
Level of effort used to assign classification maubb02
Level of effort used to assign subject headings 201607172110
Level of effort used to assign classification csnk01
Level of effort used to assign subject headings 201508271310
Level of effort used to assign classification VLOAD
040 ## - CATALOGING SOURCE
Original cataloging agency SNK
Language of cataloging slo
Transcribing agency SNK
Modifying agency AUBB
Description conventions AACR2
041 1# - LANGUAGE CODE
Language code of text/sound track or separate title slo
Language code of original eng
044 ## - COUNTRY OF PUBLISHING/PRODUCING ENTITY CODE
MARC country code xo
ISO country code SK
072 #7 - SUBJECT CATEGORY CODE
Subject category code 821.111-2
Subject category code subdivision Anglická dráma, anglicky písaná
Source konspekt
080 ## - UNIVERSAL DECIMAL CLASSIFICATION NUMBER
Universal Decimal Classification number 821.111-2
Edition identifier 2011
080 ## - UNIVERSAL DECIMAL CLASSIFICATION NUMBER
Universal Decimal Classification number (0:82-2)
Edition identifier 2011
080 ## - UNIVERSAL DECIMAL CLASSIFICATION NUMBER
Universal Decimal Classification number (0:82-22)
Edition identifier 2011
100 1# - MAIN ENTRY--PERSONAL NAME
Personal name Shakespeare, William,
Dates associated with a name 1564-1616
Relationship aut
240 12 - UNIFORM TITLE
Uniform title A midsummer night's dream
Language of a work Slovensky
245 10 - TITLE STATEMENT
Title Sen svätojánskej noci
Statement of responsibility, etc. William Shakespeare; [z anglického originálu preložil a sprievodné texty napísal Ľubomír Feldek]
260 ## - PUBLICATION, DISTRIBUTION, ETC.
Place of publication, distribution, etc. Bratislava
Name of publisher, distributor, etc. Ikar
Date of publication, distribution, etc. 2005
300 ## - PHYSICAL DESCRIPTION
Extent 117 s.
Dimensions 20 cm
504 ## - BIBLIOGRAPHY, ETC. NOTE
Bibliography, etc. note Ed. pozn.
655 #7 - INDEX TERM--GENRE/FORM
Genre/form data or focus term divadelné hry
Source of term SNKPH
655 #7 - INDEX TERM--GENRE/FORM
Genre/form data or focus term anglické drámy
Source of term SNKPH
655 #7 - INDEX TERM--GENRE/FORM
Genre/form data or focus term divadelné komédie
Source of term SNKPH
655 #7 - INDEX TERM--GENRE/FORM
Genre/form data or focus term English drama
Source of term SNKPHeng
655 #7 - INDEX TERM--GENRE/FORM
Genre/form data or focus term Theatre plays
Source of term SNKPHeng
655 #7 - INDEX TERM--GENRE/FORM
Genre/form data or focus term Comedies
Source of term SNKPHeng
700 1# - ADDED ENTRY--PERSONAL NAME
Personal name Feldek, Ľubomír,
Dates associated with a name 1936-
Relationship trl
942 ## - ADDED ENTRY ELEMENTS (KOHA)
Source of classification or shelving scheme Dewey Decimal Classification
Koha item type Krásna literatúra pre dospelých
Suppress in OPAC No
949 ## - LOCAL PROCESSING INFORMATION (OCLC)
6 17A0493679
a snkSD 75290 D1
b snk2006/26
o 2475/05
s 6100:20210923
949 ## - LOCAL PROCESSING INFORMATION (OCLC)
6 369701000016182
a aubbD 11830
b aubbD11830
949 ## - LOCAL PROCESSING INFORMATION (OCLC)
6 273K0491123
a svkpoA 192515
b svkpo480572
949 ## - LOCAL PROCESSING INFORMATION (OCLC)
6 2889044663
a savukM 105637
b savuk2006/1762
949 ## - LOCAL PROCESSING INFORMATION (OCLC)
6 17A0493678
a snkSD 75290
b snk2006/25
o 2475/05
Holdings
Stav vyradenia Strata Poškodenie Spôsob nadobudnutia Domovská knižnica Aktuálna knižnica Dátum nadobudnutia Total checkouts Čiarový kód exemplára Date last seen Typ exemplára
      Dar Obecná knižnica Turčianska Štiavnička Obecná knižnica Turčianska Štiavnička 18.03.2026   4738000580 18.03.2026 Krásna literatúra pre dospelých
Projekt je podporený Slovenskou asociáciou knižníc
Prevádzkuje Turčianska knižnica Martin 2026